000 00569nam a2200181 i 4500
001 61960
003 ES-MaACL
005 20230906164559.0
007 t|
008 031117s1983 mx |||| | spa d
100 1 _aFalconer, D. S.
_948719
245 1 0 _aIntroducción a la genética cuantitativa /
_cD.S. Falconer ; [traducido por Fidel Márquez Sánchez].
260 _aMéxico :
_bCompañía Editorial Continental,
_c1983.
300 _a430 p. ;
_c23 cm.
650 0 4 _aGenética.
_913057
700 1 _aMárquez Sánchez, Fidel.
_977035
852 _aES-MaACL
_jL-9821
999 _c61960
_d61960